Statistics for Countries of Asia by Rivers in 30 Seconds

Click here to take the quiz!

General Stats

  • This quiz has been taken 143 times
  • The average score is 11 of 25

Answers on the Map

Answers color-coded by a green-red scale on the quiz's map according to % correct below.
 

Answer Stats

Longest RiverCountry% Correct
YangtzeChina
98%
BrahmaputraIndia
92%
MekongVietnam
86%
MekongMyanmar
84%
MekongCambodia
83%
MekongLaos
83%
MekongThailand
83%
EuphratesIraq
77%
EuphratesSyria
77%
EuphratesTurkey
77%
BrahmaputraBangladesh
76%
IndusPakistan
71%
IshimKazakhstan
28%
Amu DaryaTajikistan
22%
Amu DaryaAfghanistan
19%
Amu DaryaUzbekistan
18%
Syr DarraKyrgyzstan
13%
Syr DaryaTurkmenistan
13%
YeniseiMongolia
9%
KuraAzerbaijan
6%
KuraGeorgia
6%
HelmandIran
5%
ArasArmenia
3%
KapuasIndonesia
1%
GhagharaNepal
1%

Score Distribution

Percentile by Number Answered

Percent of People with Each Score

Your Score History

You have not taken this quiz